| 000 | 00460cam a22001571 4500 | ||
|---|---|---|---|
| 082 |
_a669.9 _bGUY _cL-17, P-24 |
||
| 100 | 1 |
_aGuy, Albert G. _940720 |
|
| 245 | 1 | 0 | _aElements of physical metallurgy. |
| 260 |
_aCambridge, Mass. _bAddison-Wesley Press, _c1951. |
||
| 300 | _a293 p. | ||
| 526 |
_a0 _b0 _c0 _d669_900000000000000_GUY |
||
| 526 |
_a0 _b0 _c0 _d669_900000000000000_GUY |
||
| 650 | 0 |
_aMCE _9379 |
|
| 650 | 0 |
_aPhysical metallurgy. _944928 |
|
| 942 |
_2ddc _cBK |
||
| 999 |
_c548745 _d548745 |
||